<?xml version="1.0" encoding="UTF-8"?>
<record
    xmlns:xsi="http://www.w3.org/2001/XMLSchema-instance"
    xsi:schemaLocation="http://www.loc.gov/MARC21/slim http://www.loc.gov/standards/marcxml/schema/MARC21slim.xsd"
    xmlns="http://www.loc.gov/MARC21/slim">

  <leader>02066nam a2200313 a 4500</leader>
  <controlfield tag="001">1076651</controlfield>
  <controlfield tag="005">20220326193311.0</controlfield>
  <controlfield tag="008">920905s1991    cr ab    b   f000 0dspa  </controlfield>
  <datafield tag="010" ind1=" " ind2=" ">
    <subfield code="a">   92211466 </subfield>
  </datafield>
  <datafield tag="020" ind1=" " ind2=" ">
    <subfield code="a">9977953139</subfield>
  </datafield>
  <datafield tag="035" ind1=" " ind2=" ">
    <subfield code="a">(OCoLC)ocm26079928</subfield>
  </datafield>
  <datafield tag="035" ind1=" " ind2=" ">
    <subfield code="a">(CStRLIN)NYCG92-B26167</subfield>
  </datafield>
  <datafield tag="040" ind1=" " ind2=" ">
    <subfield code="a">DLC</subfield>
    <subfield code="c">DLC</subfield>
  </datafield>
  <datafield tag="043" ind1=" " ind2=" ">
    <subfield code="a">ncnq---</subfield>
    <subfield code="a">nccr---</subfield>
    <subfield code="a">nc-----</subfield>
  </datafield>
  <datafield tag="082" ind1="0" ind2="0">
    <subfield code="a">972.860.454</subfield>
    <subfield code="b">O13c</subfield>
  </datafield>
  <datafield tag="100" ind1="1" ind2=" ">
    <subfield code="a">Obreg&#xF3;n Lor&#xED;a, Rafael.</subfield>
    <subfield code="9">2104</subfield>
  </datafield>
  <datafield tag="245" ind1="1" ind2="0">
    <subfield code="a">Costa Rica y la guerra contra los filibusteros /</subfield>
    <subfield code="c">Rafael Obreg&#xF3;n.</subfield>
  </datafield>
  <datafield tag="250" ind1=" " ind2=" ">
    <subfield code="a">1. ed.</subfield>
  </datafield>
  <datafield tag="260" ind1=" " ind2=" ">
    <subfield code="a">Alajuela, Costa Rica :</subfield>
    <subfield code="b">Museo Hist&#xF3;rico Cultural Juan Santamar&#xED;a ;</subfield>
    <subfield code="a">[San Jos&#xE9;, Costa Rica] :</subfield>
    <subfield code="b">Ministerio de Cultura, Juventud y Deportes,</subfield>
    <subfield code="c">1991.</subfield>
  </datafield>
  <datafield tag="300" ind1=" " ind2=" ">
    <subfield code="a">409 p. :</subfield>
    <subfield code="b">ill., col. map ;</subfield>
    <subfield code="c">26 cm.</subfield>
  </datafield>
  <datafield tag="504" ind1=" " ind2=" ">
    <subfield code="a">Includes bibliographical references (p. 353-360) and index.</subfield>
  </datafield>
  <datafield tag="505" ind1=" " ind2=" ">
    <subfield code="t">testimonio de gratitud </subfield>
    <subfield code="t">Presentacion </subfield>
    <subfield code="t">Siglas Utilizadas </subfield>
    <subfield code="t">Capitulo 1: Filibusteros y William Walker </subfield>
    <subfield code="t">Capitulo 2:La zona de transito </subfield>
    <subfield code="t">Capitulo 3: Sucesos en Nicaragua </subfield>
    <subfield code="t">Capitulo 4: Walker en Nicaragua </subfield>
    <subfield code="t">Capitulo 5: Costa Rica inicia la guerra</subfield>
    <subfield code="t">Capitulo 6: Combates de Santa Rosa y Sardinal </subfield>
    <subfield code="t">Capitulo 7: El combate de Rivas </subfield>
    <subfield code="t">Capitulo 8:  La peste del colera </subfield>
    <subfield code="t">Capitulo 9 : Los ejercitos centroamericanos en nicaragua </subfield>
    <subfield code="t">Capitulo 10: Costa Rica reanuda la guerra </subfield>
    <subfield code="t">Capitulo 11: Fuerzas costarricenses en Nicaragua y el Combate naval </subfield>
    <subfield code="t">Capitulo 12: Toma de vapores y de Fortalezas del rio </subfield>
    <subfield code="t">Capitulo 13: La defensa del rio </subfield>
    <subfield code="t">Capitulo 14: Defensa del castillo </subfield>
    <subfield code="t">Capitulo 15: El sitio de Rivas y Capitulacion de Walker </subfield>
    <subfield code="t">Capitulo 16: Ultimas aventuras y fusilamiento de Walker </subfield>
    <subfield code="t">Referencias sobre algunos personajes </subfield>
    <subfield code="t">Referencias sobre las embarcaciones </subfield>
    <subfield code="t">Fuentes consultadas </subfield>
    <subfield code="t">Indice onomastico </subfield>
    <subfield code="t">indicie de ilustraciones </subfield>
  </datafield>
  <datafield tag="600" ind1="1" ind2="0">
    <subfield code="a">Walker, William,</subfield>
    <subfield code="d">1824-1860.</subfield>
    <subfield code="9">623</subfield>
  </datafield>
  <datafield tag="651" ind1=" " ind2="0">
    <subfield code="a">Nicaragua</subfield>
    <subfield code="x">History</subfield>
    <subfield code="y">Filibuster War, 1855-1860.</subfield>
    <subfield code="9">628</subfield>
  </datafield>
  <datafield tag="651" ind1=" " ind2="0">
    <subfield code="a">Costa Rica</subfield>
    <subfield code="x">History</subfield>
    <subfield code="y">1821-1948.</subfield>
    <subfield code="9">2105</subfield>
  </datafield>
  <datafield tag="651" ind1=" " ind2="0">
    <subfield code="a">Central America</subfield>
    <subfield code="x">History</subfield>
    <subfield code="y">1821-1951.</subfield>
    <subfield code="9">2106</subfield>
  </datafield>
  <datafield tag="700" ind1=" " ind2=" ">
    <subfield code="a">Obreg&#xF3;n Lor&#xED;a, Rafael.</subfield>
    <subfield code="9">2107</subfield>
  </datafield>
  <datafield tag="999" ind1=" " ind2=" ">
    <subfield code="c">436</subfield>
    <subfield code="d">436</subfield>
  </datafield>
  <datafield tag="952" ind1=" " ind2=" ">
    <subfield code="0">0</subfield>
    <subfield code="1">0</subfield>
    <subfield code="2">ddc</subfield>
    <subfield code="4">0</subfield>
    <subfield code="7">0</subfield>
    <subfield code="a">LV</subfield>
    <subfield code="b">LV</subfield>
    <subfield code="c">Pensamiento</subfield>
    <subfield code="d">2015-02-18</subfield>
    <subfield code="l">0</subfield>
    <subfield code="o">972.860.454 O13c</subfield>
    <subfield code="p">000376</subfield>
    <subfield code="r">2015-02-18 00:00:00</subfield>
    <subfield code="w">2015-02-18</subfield>
    <subfield code="y">01</subfield>
  </datafield>
</record>
